Eurovision Song Lyrics - United Kingdom - Statistics

General Stats
  • This quiz has been taken 36 times
  • The average score is 207 of 307
Answer Stats
Answer % Correct
I
97%
you
97%
You
97%
a
94%
me
91%
me,
91%
me)
91%
Me
91%
we
91%
did
88%
the
88%
And
85%
and
85%
so
85%
your
82%
my
79%
My
79%
song
79%
To
79%
to
79%
(To
79%
were
79%
wrote
79%
How
76%
how
76%
on
76%
all
74%
be
74%
Instead
74%
Instead,
74%
For
71%
for
71%
now
71%
When
71%
wrong
71%
along
68%
at
68%
'Bout
68%
night
68%
are
65%
said
65%
see
65%
sing
65%
alone
62%
better
62%
feel
62%
girls
62%
home
62%
mental
62%
much
62%
out
62%
work
62%
cried
59%
friends
59%
health
59%
house
59%
leaving
59%
mention
59%
spent
59%
was
59%
could've
56%
cruel
56%
cheating,
53%
didn't
53%
everyone
53%
Oh,
53%
Tell
53%
trash
53%
gonna
50%
outside
50%
it
47%
Benz
44%
Cuss
44%
Wanted
44%
that
41%
would
41%
baby
38%
kept
38%
Kept
38%
one
38%
yeah
38%
yourself
38%
heart
35%
mad
35%
got
32%
proud
32%
ready
32%
break
29%
celebrate,
29%
composure
29%
mother
29%
cool
26%
sentence,
26%
down
24%
Let's
24%
thought
24%
away
9%
Ooh
9%
dance
6%
Da-da-da-da-da-I
0%
0%
(Woo-woo)
0%
wrotе
0%
No matching quizzes found
Score Distribution
Percent of People with Each Score
Percentile by Number Answered
Your Score History
You have not taken this quiz